000 00524nam a2200181 4500
001 120928
003 ES-MaACL
005 20230906191642.0
007 t|
008 070214s1973 sp r ||||1| spa d
100 1 _aPratte, A.
_993720
245 1 0 _aGuía práctica de la secretaria /
_cA. Pratte ; [traducida por Alberto Palomar Baró].
250 _a1ª ed.
260 _aBarcelona :
_bEta,
_c1973.
300 _a183 p. ;
_c25 cm.
700 1 _aPalomar Baró, Alberto.
_988663
852 _aES-MaACL
_jC-54828
_bR.87605
999 _c120928
_d120928